000 00422pab a2200181 454500
008 180718b2012 xxu||||| |||| 00| 0 eng d
100 _aTeltumbde, Anand
245 _aDon't cry for them India
260 _c2012
300 _ap.10-11.
362 _a4 Feb
650 _aPolice - India
650 _aTorture - India
650 _aTorture
773 _aEconomic and Political Weekly
908 _aN
909 _a95693
999 _c95693
_d95693